MARC details
| 000 -BAŞLIK |
| Sabit Uzunlukta Kontrol Alanı |
02042na a2200373 4500 |
| 001 - KONTROL NUMARASI |
| Denetim Alanı |
22660 |
| 003 - KONTROL NUMARASI IDENTIFIER |
| Denetim Alanı |
MIRAKIL |
| 005 - SON İŞLEM TARİHİ VE ZAMANI |
| Denetim Alanı |
20181213154820.0 |
| 008 - SABİT-BOY VERİ ELEMANLARI - GENEL BİLGİLER |
| Sabit Uzunlukta Kontrol Alanı |
170221b tu 000 0 |
| 035 ## - SİSTEM KONTROL NUMARASI |
| Sistem Kontrol Numarası |
20911 |
| 040 ## - KATALOGLAMA KAYNAK |
| Orijinal Kataloglama Ajansı |
Milas |
| Kataloglama Dili |
tur |
| Metne Dönüştürmek Ajansı |
TR-AnCHP |
| 041 ## - DİL KODU |
| Metin / Ses Parça Veya Ayrı Başlığın Dil Kodu |
tur |
| 082 ## - DEWEY ONLU SINIFLANDIRMA NUMARASI |
| Sınıflandırma Numarası |
CHP 320.715 |
| Ürün Numarası |
P26 [2000-14] |
| 090 ## - SINIFLAMA NUMARASI |
| Sınıflama Numarası |
CHP 320.715 P26 [2000-14] |
| 091 ## - MICROFILM RAF YER (AM) [OBSOLETE] |
| Mikrofilm Raf Yeri |
PARTİ İÇİ EĞİTİM - 2 |
| 245 ## - BAŞLIK TABLOSU |
| Başlık |
[Parti İçi Eğitim ile ilgili çeşitli çalışmalar] |
| Sorumluluk Tablosu, Vb |
CHP Genel Merkez Parti İçi Eğitim |
| 260 ## - YAYIN, DAĞITIM, VB |
| Yayın, Dağıtım, Vb Yeri |
Ankara |
| Yayıncı, Dağıtıcı, Vs Adı |
CHP |
| Yayın, Dağıtım, Vb Tarihi |
[2000-2014] |
| 300 ## - FİZİKSEL TANIM |
| Kapsam |
c. |
| Boyutlar |
30 sm. |
| 505 ## - BİÇİMLENDİRİLDİ İÇİNDEKİLER NOT |
| Biçimlendirilmiş İçeriği Dikkat |
1) CHP parti okulu kuruluş projesi / Necdet Basa (2 kopya) -- 2) İnsan hakları [sunum] / CHP Parti Okulu - 3) Ankara il Gençlik Kolları parti içi eğitim kitapçığı - 4) Antalya il örgütü parti içi eğitim kitapçığı - 5) C.H.P. Balıkesir il örgütü parti içi eğitim ders notları -1 (Ocak 2000) - 6) CHP sosyal demokrasi parti içi eğitim yerel yönetimler / Cezmi Doğaner - 7) Parti içi eğitim : devam eden çalışmalar: 5 Kasım 2014 [sunum]/ Seyhan Erdoğdu - 8) CHP parti içi eğitim birimi yıllık değerlendirme raporu (1999-2000) |
| 610 ## - KONU KATMA GİRİŞ - TOPLANTI ADI |
| Giriş Elemanı Olarak Kurumsal Ad Veya Yargı Alanı Adı |
CHP Parti Okulu |
| 610 ## - KONU KATMA GİRİŞ - TOPLANTI ADI |
| Giriş Elemanı Olarak Kurumsal Ad Veya Yargı Alanı Adı |
CHP |
| Genel Alt Bölüm |
Parti içi eğitim |
| 650 ## - KONU KATMA GİRİŞ - TOPİKAL DÖNEM |
| Topikal Süreli Veya Coğrafi Ad Giriş Elemanı |
Siyasal partiler |
| Genel Alt Bölümü |
Parti içi eğitim |
| Coğrafi Alt Bölümü |
Türkiye |
| 740 ## - KATMA GİRİŞ - KONTROLSUZ İLGİLİ / ANALİTİK BAŞLIK |
| Kontrol Edilmeyen / İlgili Analitik Başlıktaki |
CHP parti içi eğitim birimi yıllık değerlendirme raporu (1999-2000) |
| 740 ## - KATMA GİRİŞ - KONTROLSUZ İLGİLİ / ANALİTİK BAŞLIK |
| Kontrol Edilmeyen / İlgili Analitik Başlıktaki |
Parti içi eğitim : devam eden çalışmalar: 5 Kasım 2014 [sunum]/ Seyhan Erdoğdu |
| 740 ## - KATMA GİRİŞ - KONTROLSUZ İLGİLİ / ANALİTİK BAŞLIK |
| Kontrol Edilmeyen / İlgili Analitik Başlıktaki |
CHP sosyal demokrasi parti içi eğitim yerel yönetimler / Cezmi Doğaner |
| 740 ## - KATMA GİRİŞ - KONTROLSUZ İLGİLİ / ANALİTİK BAŞLIK |
| Kontrol Edilmeyen / İlgili Analitik Başlıktaki |
CHP Balıkesir il örgütü parti içi eğitim ders notları -1 (Ocak 2000) |
| 740 ## - KATMA GİRİŞ - KONTROLSUZ İLGİLİ / ANALİTİK BAŞLIK |
| Kontrol Edilmeyen / İlgili Analitik Başlıktaki |
Antalya il örgütü parti içi eğitim kitapçığı |
| 740 ## - KATMA GİRİŞ - KONTROLSUZ İLGİLİ / ANALİTİK BAŞLIK |
| Kontrol Edilmeyen / İlgili Analitik Başlıktaki |
Ankara il Gençlik Kolları parti içi eğitim kitapçığı |
| 740 ## - KATMA GİRİŞ - KONTROLSUZ İLGİLİ / ANALİTİK BAŞLIK |
| Kontrol Edilmeyen / İlgili Analitik Başlıktaki |
İnsan hakları [sunum] / CHP Parti Okulu |
| 740 ## - KATMA GİRİŞ - KONTROLSUZ İLGİLİ / ANALİTİK BAŞLIK |
| Kontrol Edilmeyen / İlgili Analitik Başlıktaki |
CHP parti okulu kuruluş projesi / Necdet Basa |
| 942 ## - EKLENDİ GİRİŞ ELEMANLARI (KOHA) |
| Sınıflandırma Veya Raf Düzeni Kaynak |
Dewey Decimal Classification |
| Koha Öğesi Türü |
Books |
| 999 ## - SİSTEM KONTROL NUMARALARI (KOHA) |
| Koha Biblionumber |
1352 |
| Koha Biblioitemnumber |
1352 |
| 657 ## - INDEX SÜRE - İŞLEVİ |
| -- |
CHP parti içi eğitimi |